Book quiz - 19th century authors - Part 2 of 3 - Statistics

General Stats
  • This quiz has been taken 766 times
    765 since last reset
  • The average score is 17 of 30
Answer Stats
Novel Year Author % Correct
Jane Eyre 1847 Charlotte Bronte
96%
Adventures of Huckleberry Finn 1884 Mark Twain
96%
David Copperfield 1850 Charles Dickens
95%
Dracula 1897 Bram Stoker
94%
Emma 1815 Jane Austen
94%
Anna Karenina 1877 Leo Tolstoy
93%
Les Miserables 1862 Victor Hugo
93%
Alice's Adventures in Wonderland 1865 Lewis Carroll
92%
The Adventures of Sherlock Holmes 1892 Arthur Conan Doyle
87%
Around the World in 80 Days 1873 Jules Verne
86%
Little Women 1868 Louisa May Alcott
83%
Heart of Darkness 1899 Joseph Conrad
78%
The Scarlet Letter 1850 Nathaniel Hawthorne
76%
Strange Case of Dr Jekyll and Mr Hyde 1886 Robert Louis Stevenson
74%
Middlemarch 1871 George Eliot
67%
Vanity Fair 1848 William Makepeace Thackeray
60%
Ivanhoe 1820 Sir Walter Scott
53%
The Mayor of Casterbridge 1886 Thomas Hardy
53%
The Murders in the Rue Morgue 1841 Edgar Allan Poe
50%
The Red and the Black 1830 Stendhal
32%
The Europeans 1878 Henry James
28%
The Song of Hiawatha 1855 Henry Wadsworth Longfellow
28%
Rip Van Winkle & The Legend of Sleepy Hollow (short stories) 1820 Washington Irving
27%
Heidi 1880 Johanna Spyri
25%
Barchester Towers 1857 Anthony Trollope
21%
The Water Babies 1863 Charles Kingsley
18%
Ben-Hur 1880 Lew Wallace
14%
Quo Vadis 1895 Henryk Sienkiewicz
10%
The Swiss Family Robinson 1812 Johann David Wyss
9%
The Children of the New Forest 1847 Captain Frederick Marryat
6%
No matching quizzes found
Score Distribution
Percent of People with Each Score
Percentile by Number Answered
Your Score History
You have not taken this quiz since the last reset